| 000 | 00425 a2200157 4500 | ||
|---|---|---|---|
| 005 | 20250626155701.0 | ||
| 020 | _a0-07-244060-0 | ||
| 082 | _a346.7307 LEG | ||
| 100 | _aREED O.L. | ||
| 245 | _aThe egal and regulatory environment of Business | ||
| 250 | _a12th Ed. | ||
| 260 |
_aBoston _bMcGraw-Hill Irwin _c2002 |
||
| 300 |
_axxiv; 619Pages; Grossary; Index _bPhoto _c26cm |
||
| 700 | _aSHEDD, P.J. et.all | ||
| 942 |
_2ddc _cBKS |
||
| 999 |
_c5435 _d5435 |
||